| 000 | 00484nam a2200181Ia 4500 | ||
|---|---|---|---|
| 001 | 17333 | ||
| 005 | 20260306171510.0 | ||
| 008 | 260306s9999||||xx |||||||||||||| ||und|| | ||
| 041 | _aESP | ||
| 082 |
_a657.7 _bF64 2017 |
||
| 100 |
_aFlores Soria, Jaime _eAUT |
||
| 245 | 0 |
_aContabilidad gerencial: _bcontabilidad de gestión empresarial: teoría y práctica |
|
| 260 | _c2017 | ||
| 300 |
_a600 páginas : _c21 cm. |
||
| 650 | _aGEN | ||
| 654 | _aCCO | ||
| 942 |
_cLIB _dJUS _fJUS _2ddc _n |
||
| 999 |
_c17333 _d17333 |
||